LEADER 00763nam0 2200229 450 001 000015628 005 20080828131824.0 100 $a20080828d1952----km-y0itay50------ba 101 0 $aita 102 $aIT 105 $aafc-----001yy 200 1 $aStoria della Università Bocconi$e1902-1952$fTullio Bagiotti 210 $aMilano$cUniversità Bocconi$dstampa 1952 215 $a316 p., [38] c. di tav., 1 ritr.$cill.$d23 cm 610 1 $aMilano$aUniversità$aUniversità commerciale Luigi Bocconi$aStoria 676 $a378.155$v19 700 1$aBagiotti,$bTullio$0103231 801 0$aIT$bUNIPARTHENOPE$c20080828$gRICA$2UNIMARC 912 $a000015628 951 $a378.155/104$b14068$cNAVA1$d2008 996 $aStoria della Università Bocconi$9981068 997 $aUNIPARTHENOPE LEADER 02217oas 2200865 a 450 001 9910133149303321 005 20251119213018.0 011 $a2045-2403 035 $a(DE-599)ZDB2497829-2 035 $a(DE-599)2497829-2 035 $a(OCoLC)357576990 035 $a(CONSER) 2009235451 035 $a(CKB)110978977970812 035 $a(EXLCZ)99110978977970812 100 $a20090528a18959999 uy a 101 0 $aeng 135 $aur||||||||||| 181 $ctxt$2rdacontent 182 $cc$2rdamedia 183 $acr$2rdacarrier 200 04$aThe annual of the British School at Athens 210 $aLondon $cMacMillan$d1895- 210 3 $aCambridge $cCambridge University Press 215 $a1 online resource 300 $aRefereed/Peer-reviewed 300 $aPublished by: British School at Athens, 1947- 311 08$a0068-2454 606 $aAntiquities$2fast$3(OCoLC)fst00810745 606 $aArcheologie$2gtt 606 $aOudheid$2gtt 607 $aGreece$xAntiquities$vPeriodicals 607 $aGre?ce$xAntiquite?s$vPe?riodiques 607 $aGreece$2fast$1https://id.oclc.org/worldcat/entity/E39PBJxd6hw8HtWYq9JY6hjjYP 607 $aGreece$xAntiquities$vPeriodicals$2nli 608 $aPeriodicals.$2fast 608 $aPeriodicals.$2lcgft 608 $aperiodicals.$2aat 608 $aPe?riodiques.$2rvmgf 615 7$aAntiquities. 615 17$aArcheologie. 615 17$aOudheid. 712 02$aBritish School at Athens, 801 0$bEYM 801 1$bEYM 801 2$bHLS 801 2$bMUQ 801 2$bOCLCE 801 2$bVRC 801 2$bOCLCQ 801 2$bOCLCF 801 2$bOCLCQ 801 2$bNLE 801 2$bGILDS 801 2$bAU@ 801 2$bOCLCO 801 2$bUKMGB 801 2$bOCLCQ 801 2$bOCLCO 801 2$bVLY 801 2$bEZC 801 2$bDLC 801 2$bQGK 801 2$bOCLCQ 801 2$bUAB 801 2$bOCLCL 801 2$bUBY 801 2$bOCLCL 801 2$bSRU 801 2$bINARC 801 2$bHUL 801 2$bLVT 906 $aJOURNAL 912 $a9910133149303321 996 $aAnnual of the British School at Athens$9800881 997 $aUNINA